El Casting para la película electoral

Sparad:
Bibliografiska uppgifter
Materialtyp: Text
Taggar: Lägg till en tagg
Inga taggar, Lägg till första taggen!

MARC

LEADER 00000 a a2200000 04500
001 7150
003
040
245 |a El Casting para la película electoral  
773 |g volumen 20, número 228; páginas 3-10  
999 |c 32750  |d 32750